Statistics for Billboard Hot Latin Year-End Singles of 2019

Click here to take the quiz!

General Stats

  • This quiz has been taken 8 times
  • The average score is 21 of 100

Answer Stats

Position on Year EndPeakWeeks OnArtist(s)Answer% Correct
7#223 WeeksBad Bunny & TainyCallaita
80%
12#1 (12 Weeks)16 WeeksAnuel AA, Daddy Yankee, Karol G, Ozuna & J BalvinChina
80%
3#1 (14 Weeks)41 WeeksDaddy Yankee & Katy Perry ft. SnowCon Calma
80%
14#315 WeeksLuis Fonsi & Daddy Yankee ft. Justin BieberDespacito
80%
17#219 WeeksJ Balvin & Bad BunnyLa Cancion
80%
1#1 (14 Weeks)47 WeeksBad Bunny ft. DrakeMIA
80%
6#1 (3 Weeks)28 WeeksSech, Darell, Nicky Jam, Ozuna & Anuel AAOtro Trago
80%
8#335 WeeksLunay, Daddy Yankee & Bad BunnySoltera
80%
2#1 (9 Weeks)35 WeeksDJ Snake ft. Selena Gomez, Ozuna & Cardi BTaki Taki
80%
4#342 WeeksPedro Capo x FarrukoCalma
60%
31#1226 WeeksBad Bunny ft. El AlfaLa Romana
60%
13#426 WeeksAnuel AA & Karol GSecreto
60%
52#1312 WeeksROSALIA & OzunaYo X Ti, Tu X Mi
60%
22#1125 WeeksMaluma11 PM
40%
27#1126 WeeksAnuel AA x HazeAmanece
40%
38#615 Weeks6ix9ine ft. Anuel AABEBE
40%
21#1226 WeeksROSALIA, J Balvin & El GuinchoCon Altura
40%
79#2717 WeeksBecky G x Myke TowersDollar
40%
18#521 WeeksDJ Snake, J Balvin & TygaLoco Contigo
40%
80#711 Weeks6ix9ine ft. Anuel AAMALA
40%
9#425 WeeksJhay Cortez, J Balvin & Bad BunnyNo Me Conoce
40%
53#2020 WeeksDalex x Rafa PabonPa Mi
40%
20#219 WeeksJ Balvin & Bad BunnyQue Pretendes
40%
90#3517 WeeksGuaynaaRebota
40%
28#620 WeeksBad BunnySolo de Mi
40%
10#423 WeeksCasper Magico, Nio Garcia, Darell, Nicky Jam, Ozuna & Bad BunnyTe Bote
40%
54#1219 WeeksSebastian Yatra & ReikUn Ano
40%
41#611 WeeksNicky Jam x J BalvinX
40%
70#2120 WeeksBad Bunny ft. Diplo200 MPH
20%
35#511 WeeksTainy, Anuel AA & OzunaAdicto
20%
84#3317 WeeksPrince Royce + Marc AnthonyAdicto
20%
11#330 WeeksOzuna x Daddy Yankee x J Balvin x Farruko x Anuel AABaila Baila Baila
20%
51#2219 WeeksDJ Luian & Mambo Kingz & Anuel AA X Becky G X Prince RoyceBubalu
20%
65#2620 WeeksRomeo Santos & El Chaval de La BachataCanalla
20%
39#1120 WeeksSean Paul & J BalvinContra La Pared
20%
91#3014 WeeksBecky G + Paulo LondraCuando Te Bese
20%
36#818 WeeksKarol G & Anuel AACulpables
20%
5#430 WeeksAnuel AA x Romeo SantosElla Quiere Beber
20%
78#1712 WeeksMarc Anthony, Will Smith & Bad BunnyEsta Rico
20%
76#2015 WeeksZion & LennoxHola
20%
16#826 WeeksMalumaHP
20%
23#525 WeeksAventuraInmortal
20%
97#107 WeeksNatti Natasha & Romeo SantosLa Mejor Version de Mi
20%
60#1214 WeeksMalumaMala Mia
20%
48#1320 WeeksNatti NatashaMe Gusta
20%
33#823 WeeksBad BunnyNi Bien Ni Mal
20%
69#2220 WeeksKarol GOcean
20%
87#138 WeeksMajor Lazer & J Balvin ft. El AlfaQue Calor
20%
42#1321 WeeksJ BalvinReggaeton
20%
49#1217 WeeksSebastian Yatra, Daddy Yankee, Jonas Brothers & Natti NatashaRunaway
20%
46#1519 WeeksDaddy Yankee & Wisin & YandelSi Supieras
20%
15#626 WeeksNicky Jam & OzunaTe Robare
20%
96#1611 WeeksCamilo + Pedro CapoTutu
20%
50#1720 WeeksDJ Luian & Mambo Kingz X Darell X Anuel AA X Nicky Jam X BrytiagoVerte Ir
20%
71#2517 WeeksPaulo LondraAdan y Eva
0%
25#1026 WeeksDaddy Yankee & Anuel AAAdictiva
0%
66#1614 WeeksT3r Elemento ft. Gerardo OrtizAerolinea Carrillo
0%
45#1416 WeeksReik & MalumaAmigos Con Derechos
0%
55#1617 WeeksLos Angeles Azules, Belinda & Lalo Ebratt Featuring Horacio PalenciaAmor A Primera Vista
0%
58#817 WeeksOzunaAmor Genuino
0%
86#76 WeeksBrytiago / Darell / Daddy Yankee / Ozuna / Anuel AAAsesina
0%
24#824 WeeksBanda Los Sebastianes da Mazatlan, Sinaloa.A Traves del Vaso
0%
88#3416 WeeksGrupo ArrankeA Traves del Vaso
0%
82#2314 WeeksNicky Jam x SechAtrevete
0%
19#1026 WeeksWisin & Yandel & Romeo SantosAullando
0%
92#1811 WeeksDayvi & Victor Cardenas ft. Kelly RuizBaila Conmigo
0%
44#1420 WeeksBad BunnyCaro
0%
40#1120 WeeksKarol G & MalumaCreeme
0%
73#3120 WeeksLuis Fonsi, Sebastian Yatra & Nicky JamDate La Vuelta
0%
59#1917 WeeksChristian NodalDe Los Besos Que Te Di
0%
81#3117 WeeksMau y Ricky + Manuel Turizo + CamiloDesconocidos
0%
99#2311 WeeksEl FantasmaEl Circo
0%
72#3220 WeeksManuel Turizo x OzunaEsclavo de Tus Besos
0%
100#3313 WeeksBanda El Recodo de Cruz Lizarraga ft. David BisbalGracias Por Tu Amor
0%
32#921 WeeksLuis Fonsi + OzunaImposible
0%
56#1720 WeeksAdriel Favela ft. Javier RosasLa Escuela No Me Gusto
0%
94#2612 WeeksCNCO + Prince RoyceLlegaste Tu
0%
85#129 WeeksBanda Sinaleonse MS de Sergio LizarragaMejor Me Alejo
0%
77#1812 WeeksCarin LeonMe La Avente
0%
98#3416 WeeksRomeo Santos & Zacarias FerreiraMe Quedo
0%
75#1916 WeeksChristian NodalNada Nuevo
0%
30#1526 WeeksPitbull, Natti Natasha & Daddy YankeeNo Lo Trates
0%
34#1018 WeeksChristian NodalNo Te Contaron Mal
0%
26#721 WeeksLos Angeles Azules ft. Natalia LaFourcadeNunca Es Suficiente
0%
68#2820 WeeksMarc AnthonyParecen Viernes
0%
74#2618 WeeksBanda Los RecoditosPerfecta
0%
61#2220 WeeksBanda Sinaloense MS de Sergio LizarragaPor Mi No Te Detengas
0%
64#1918 WeeksCalibre 50Por Que Cambiaste de Opinion?
0%
47#1420 WeeksBanda Sinaloense MS de Sergio LizarragaPor Siempre Mi Amor
0%
93#2411 WeeksFuerza RegidaRadicamos En South Central
0%
57#1818 WeeksWisin & YandelReggaeton En Lo Oscuro
0%
63#2420 WeeksBad BunnySi Estuviesemos Juntos
0%
43#1720 WeeksCalibre 50Simplemente Gracias
0%
29#1126 WeeksMyke Towers x FarrukoSi Se Da
0%
89#1713 WeeksManuel TurizoSola
0%
95#1211 WeeksJLo & Bad BunnyTe Guste
0%
37#1621 WeeksOzunaTe Sone de Nuevo
0%
67#2820 WeeksPiso 21 & Micro TDHTe Vi
0%
62#79 WeeksOzuna x Manuel TurizoVaina Loca
0%
83#1213 WeeksSebastian Yatra + Mau y RickyYa No Tiene Novio
0%

Score Distribution

Percentile by Number Answered

Percent of People with Each Score

Your Score History

You have not taken this quiz